000 00207nam a2200085Ia 4500
008 170620s9999 xx 000 0 und d
100 _aDR.PANDEY.J.N
245 0 _aBHARAT KA SAMVDHAN
260 _b"ALLAHABAD
260 _cCENTRAL LAW AGENCY"
999 _c29668
_d29668